Uchchatar madhyamik buranji: (Record no. 11776)

MARC details
000 -LEADER
fixed length control field 00681nam a22001937a 4500
005 - DATE AND TIME OF LATEST TRANSACTION
control field 20260515115019.0
008 - FIXED-LENGTH DATA ELEMENTS--GENERAL INFORMATION
fixed length control field 240503b |||||||| |||| 00| 0 eng d
040 ## - CATALOGING SOURCE
Original cataloging agency IN-DiNC
Transcribing agency IN-DiNC
041 ## - LANGUAGE CODE
Language code of sung or spoken text asm
082 ## - DEWEY DECIMAL CLASSIFICATION NUMBER
Classification number 954
Item number BAR
100 ## - MAIN ENTRY--PERSONAL NAME
Personal name Baruah, Dipti Prasad
Relator term author
245 ## - TITLE STATEMENT
Title Uchchatar madhyamik buranji:
Remainder of title adhunik bharat buranji aru 1919 chanar parabarti biswa buranji (class XII)/
Statement of responsibility, etc. by Dipti Prasad Baruah and Udayaditya Bharali
250 ## - EDITION STATEMENT
Edition statement 1st ed.
260 ## - PUBLICATION, DISTRIBUTION, ETC.
Place of publication, distribution, etc. Guwahati:
Name of publisher, distributor, etc. Assam Higher Secondary Education Council,
-- Assam book depot,
Date of publication, distribution, etc. 1998.
300 ## - PHYSICAL DESCRIPTION
Extent 360p.
650 ## - SUBJECT ADDED ENTRY--TOPICAL TERM
Topical term or geographic name entry element History for HS second year
700 ## - ADDED ENTRY--PERSONAL NAME
Personal name Bharali, Udayaditya
Relator term author
942 ## - ADDED ENTRY ELEMENTS (KOHA)
Source of classification or shelving scheme Dewey Decimal Classification
Koha item type Books
Holdings
Withdrawn status Lost status Source of classification or shelving scheme Damaged status Not for loan Collection Home library Current library Shelving location Date acquired Cost, normal purchase price Total checkouts Full call number Barcode Date last seen Copy number Price effective from Koha item type Date last checked out
    Dewey Decimal Classification       Naharkatiya College Library Naharkatiya College Library General stacks 05/03/2024 33.00   954 BAR 3870 05/03/2024 1 05/03/2024 Books  
    Dewey Decimal Classification       Naharkatiya College Library Naharkatiya College Library General stacks 09/10/2025 33.00 1 954 BAR 3872 09/25/2025 2 09/10/2025 Books 09/10/2025